Les français en Bundesliga (2020-2026) - Statistiques

Statistiques générales
  • Ce quiz a été pris 64 fois
  • Le résultat moyen est 17 sur 73
Statistiques - réponses
Nb de saisons Clubs Joueur % Correct
6 Leipzig (2020-2021), Bayern (2021-2026) Dayot Upamecano
91%
2 Bayern (2024-2026) Michael Olise
87%
3 Bayern (2020-2023) Benjamin Pavard
85%
5 Bayern (2020-2025) Kingsley Coman
85%
3 Bayern (2020-2023) Lucas Hernandez
66%
5 M'Gladbach (2020-2025) Alassane Pléa
58%
2 Bayern (2020-2022) Corentin Tolisso
58%
3 Leipzig (2020-2023) Christopher Nkunku
57%
1 Leipzig (2020-2021) Ibrahima Konaté
57%
3 M'Gladbach (2020-2023) Marcus Thuram
53%
4 Wolfsburg (2020-2024) Maxence Lacroix
49%
3 Leipzig (2023-2026) Castello Lukeba
47%
2 Leverkusen (2024-2026) Martin Terrier
47%
2 Francfort (2022-2024) Randal Kolo Muani
45%
4 Stuttgart (2021-2025) Enzo Millot
43%
5 Hertha (2020-2023), Union (2023-2025) Lucas Tousart
43%
2 Bayern (2020-2022) Michaël Cuisance
43%
3 Bayern (2022-2025) Mathys Tel
38%
3 Leverkusen (2020-2023) Moussa Diaby
34%
3 Bayern (2023-2026) Sacha Boey
34%
6 Dortmund (2020-2022), Stuttgart (2022-2026) Dan-Axel Zagadou
32%
3 Leipzig (2020-2022), Leverkusen (2024-2025) Nordi Mukiele
30%
5 Wolfsburg (2020-2023), Union (2022-2025) Jérôme Roussillon
26%
3 M'Gladbach (2021-2024) Manu Koné
26%
3 Cologne (2020-2022), Dortmund (2022-2023) Anthony Modeste
25%
1 Leverkusen (2025-2026) Loïc Badé
23%
3 M'Gladbach (2023-2026) Franck Honorat
21%
2 Mayence (2022-2024) Ludovic Ajorque
21%
4 Leipzig (2021-2025) Mohamed Simakan
21%
1 Francfort (2025-2026) Arnaud Kalimuendo
19%
3 Francfort (2023-2026) Jean-Mattéo Bahoya
19%
1 Mayence (2020-2021) Jean-Philippe Mateta
19%
4 Wolfsburg (2020-2023), Mayence (2023-2024) Josuha Guilavogui
19%
2 Bayern (2020-2022) Tanguy Nianzou
19%
4 Mayence (2022-2026) Anthony Caci
17%
3 Leipzig (2023-2026) El Chadaille Bitshiabu
15%
2 Francfort (2024-2026) Elye Wahi
13%
3 Fribourg (2020-2023) Jonathan Schmid
13%
1 Hertha (2020-2021) Matteo Guendouzi
13%
1 Schalke (2020-2021) Benjamin Stambouli
11%
2 Leverkusen (2024-2026), Wolfsburg (2025-2026) Jeanuël Belocian
11%
4 Fribourg (2021-2025) Kiliann Sildillia
11%
4 Bochum (2021-2025) Anthony Losilla
9%
1 Hambourg (2025-2026) Jean-Luc Dompé
9%
2 Wolfsburg (2024-2026) Saël Kumbedi
9%
1 Leverkusen (2025-2026) Axel Tape
8%
3 Hoffenheim (2020-2023) Georginio Rutter
8%
3 Fribourg (2023-2026) Jordy Makengo
8%
2 Wolfsburg (2022-2024) Nicolas Cozza
8%
2 Augsbourg (2024-2026) Alexis Claude-Maurice
6%
1 Mayence (2022-2023) Angelo Fulgini
6%
2 Mayence (2024-2026) Arnaud Nordin
6%
2 Fribourg (2020-2022) Baptiste Santamaria
6%
1 Stuttgart (2025-2026) Lorenz Assignon
6%
2 Francfort (2023-2025) Niels Nkounkou
6%
1 Dortmund (2022-2023) Soumaïla Coulibaly
6%
4 Hoffenheim (2022-2025), Union (2025-2026) Stanley Nsoki
6%
3 Stuttgart (2020-2023) Tanguy Coulibaly
6%
2 Leipzig (2024-2026) Tidiam Gomis
6%
1 Hambourg (2025-2026) William Mikelbrencis
6%
1 Schalke (2022-2023) Florent Mollet
4%
1 Augsbourg (2025-2026) Han-Noah Massengo
4%
1 Hambourg (2025-2026) Rayan Philippe
4%
1 Hambourg (2025-2026) Aboubaka Soumahoro
2%
2 Stuttgart (2023-2025) Anthony Rouault
2%
2 Augsbourg (2024-2026) Chrislain Matsima
2%
2 Hoffenheim (2024-2026) Valentin Gendrey
2%
1 Bielefeld (2021-2022) Bryan Lasme
0%
1 Hoffenheim (2024-2025) David Mokwa
0%
2 Augsbourg (2022-2024) Irvin Cardona
0%
3 Stuttgart (2020-2023) Naouirou Ahamada
0%
3 Brême (2023-2026) Skelly Alvero
0%
1 Schalke (2022-2023) Timothée Kolodziejczak
0%
Aucun quiz correspondant
Distribution des résultats
% des personnes avec chaque résultat
Percentile par nombre de réponses
Votre historique - résultats
Vous n’avez pas pris ce quiz